Approval For Hosting Agreement For Climate Vulnerable Forum 2024 (Record no. 4236)
[ view plain ]
| 000 -LEADER | |
|---|---|
| fixed length control field | 00526nam a22001817a 4500 |
| 003 - CONTROL NUMBER IDENTIFIER | |
| control field | OSt |
| 005 - DATE AND TIME OF LATEST TRANSACTION | |
| control field | 20250625175745.0 |
| 008 - FIXED-LENGTH DATA ELEMENTS--GENERAL INFORMATION | |
| fixed length control field | 240726b |||||||| |||| 00| 0 eng d |
| 041 ## - LANGUAGE CODE | |
| Language code of text/sound track or separate title | English |
| 082 ## - DEWEY DECIMAL CLASSIFICATION NUMBER | |
| Edition information | CR/CLF/24 Acc.No.9296 C1 |
| 100 ## - MAIN ENTRY--PERSONAL NAME | |
| Personal name | AMIN ADAM, Mohammed |
| 110 ## - MAIN ENTRY--CORPORATE NAME | |
| Corporate name or jurisdiction name as entry element | Minister For Finance |
| 245 ## - TITLE STATEMENT | |
| Title | Approval For Hosting Agreement For Climate Vulnerable Forum 2024 |
| 260 ## - PUBLICATION, DISTRIBUTION, ETC. | |
| Place of publication, distribution, etc. | Accra: |
| Name of publisher, distributor, etc. | Parliament Of Ghana, |
| Date of publication, distribution, etc. | 2024. |
| 300 ## - PHYSICAL DESCRIPTION | |
| Extent | 13p.,diags.; |
| 653 ## - INDEX TERM--UNCONTROLLED | |
| Uncontrolled term | Climate Vulnerable Forum 2024 |
| 942 ## - ADDED ENTRY ELEMENTS (KOHA) | |
| Source of classification or shelving scheme | Dewey Decimal Classification |
| Koha item type | Memorandum |
| Suppress in OPAC | No |
| Withdrawn status | Lost status | Source of classification or shelving scheme | Damaged status | Not for loan | Home library | Current library | Shelving location | Date acquired | Total checkouts | Full call number | Date last seen | Copy number | Price effective from | Koha item type |
|---|---|---|---|---|---|---|---|---|---|---|---|---|---|---|
| Dewey Decimal Classification | Main Library | Main Library | Open Shelves | 25/06/2025 | CR/CLF/24 Acc.No.9296 C1 | 25/06/2025 | 1 | 25/06/2025 | Memorandum |